90s Alternative Rock Band Members - Statistics

General Stats
  • This quiz has been taken 132 times
    38 since last reset
  • The average score is 17 of 40
Answer Stats
Band Instrument Member % Correct
Nirvana Drums Dave Grohl
97%
Foo Fighters Lead Vocals, Lead Guitar Dave Grohl
97%
Nirvana Lead Vocals, Lead Guitar Kurt Cobain
97%
Pearl Jam Lead Vocals, Guitar Eddie Vedder
94%
Green Day Lead Vocals, Lead Guitar Billie Joe Armstrong
91%
Soundgarden Lead Vocals, Guitar Chris Cornell
79%
Red Hot Chili Peppers Bass Guitar Flea
73%
Radiohead Lead Vocals Thom Yorke
73%
Alice in Chains Lead Vocals Layne Staley
61%
Red Hot Chili Peppers Drums Chad Smith
58%
Nirvana Bass Guitar Krist Novoselic
58%
Red Hot Chili Peppers Lead Vocals Anthony Kiedis
55%
Weezer Lead Vocals, Guitar Rivers Cuomo
55%
Green Day Drums Tré Cool
55%
Green Day Bass Guitar Mike Dirnt
52%
Stone Temple Pilots Lead Vocals Scott Weiland
45%
Alice in Chains Lead Guitar Jerry Cantrell
42%
Red Hot Chili Peppers Lead Guitar John Frusciante
39%
Foo Fighters Drums Taylor Hawkins | William Goldsmith
39%
Radiohead Lead Guitar Jonny Greenwood
33%
Radiohead Bass Guitar Colin Greenwood
30%
Alice in Chains Bass Guitar Mike Inez | Mike Starr
30%
Foo Fighters Rhythm Guitar Pat Smear
30%
Pearl Jam Lead Guitar Mike McCready
27%
Soundgarden Lead Guitar Kim Thayil
24%
Soundgarden Drums Matt Cameron
21%
Stone Temple Pilots Bass Guitar Robert DeLeo
21%
Pearl Jam Rhythm Guitar Stone Gossard
21%
Stone Temple Pilots Lead Guitar Dean DeLeo
18%
Pearl Jam Bass Guitar Jeff Ament
18%
Weezer Bass Guitar Matt Sharp
18%
Foo Fighters Bass Guitar Nate Mendel
18%
Soundgarden Bass Guitar Ben Shepherd
15%
Weezer Rhythm Guitar Brian Bell
15%
Radiohead Rhythm Guitar Ed O'Brien
15%
Radiohead Drums Philip Selway
15%
Alice in Chains Drums Sean Kinney
15%
Stone Temple Pilots Drums Eric Kretz
12%
Weezer Drums Patrick Wilson
12%
Pearl Jam Drums Dave Abbruzzese | Jack Irons | Dave Krusen
9%
No matching quizzes found
Score Distribution
Percent of People with Each Score
Percentile by Number Answered
Your Score History
You have not taken this quiz since the last reset